Video Game Antonyms - Statistics

General Stats
  • This quiz has been taken 4,883 times
  • The average score is 11 of 25
Answer Stats
Hint Answer % Correct
Alive or Dead Dead or Alive
89%
Father Mother
78%
Full Death Half Life
74%
Mortal of Peace God of War
70%
Honored Dishonored
67%
Immortal Ceasefire Mortal Kombat
66%
Near Laugh Far Cry
65%
Alive Earth Dead Space
63%
Mario's Shack Luigi's Mansion
62%
Right 8 Alive Left 4 Dead
58%
God may not Laugh Devil May Cry
55%
Rise In Fallout
51%
Yes Few Villains No more Heroes
43%
First Reality Final Fantasy
42%
Noisy Field Silent Hill
41%
Silver Nose Goldeneye
37%
Spacesnail Joe Earthworm Jim
36%
Partial Peace Total War
30%
Mini Woman Mega Man
29%
Foreigner Good Resident Evil
24%
Ground Middle Skyrim
21%
Acorns Good Feather Night Conker's Bad Fur Day
18%
Straight Wood: White Twisted Metal: Black
9%
Compliance Resistance
7%
Planet Destroy Starcraft
5%
No matching quizzes found
Score Distribution
Percent of People with Each Score
Percentile by Number Answered
Your Score History
You have not taken this quiz